| 000 | 00896pam a2200265 a 4500 | ||
|---|---|---|---|
| 001 | 30629 | ||
| 003 | BD-RjUL | ||
| 005 | 20211209051607.0 | ||
| 008 | 140410r19711954enkd 001 0 eng d | ||
| 020 | _a004131008x | ||
| 035 | _aBNB2536.1917 | ||
| 035 | _a(BD-RjUL)30715 | ||
| 040 |
_aDLC _cDLC _beng _dBD-RjUL |
||
| 041 | _aeng | ||
| 082 | 0 |
_a154.63 _223 _bFRS 1971 |
|
| 100 |
_aFreud, Sigmund _993057 |
||
| 245 | 1 | 0 |
_aSigmund Freud's the interpretation of dreams / _cSigmund Freud'; Translated from the german and edited by Strachey, James |
| 260 |
_aLondon: _bGeorge Allen and Unwin Ltd.,, _c1954 [Impression 1971] |
||
| 300 |
_axxxii, 692 p. : _bill. ; _c22 cm. |
||
| 504 | _aIncludes bibliographical references: p. 233-237 and index. | ||
| 600 | 1 | 0 |
_aFreud, Sigmund, _d1856-1939. _9131465 |
| 650 | 0 |
_aDream interpretation _990358 |
|
| 700 |
_aStrachey, James _987491 |
||
| 942 |
_2ddc _cBK |
||
| 999 |
_c30629 _d30629 |
||